00475nam a2200145Ia 4500008004100000041000800041082001700049100001400066245004000080260003500120300003300155365000700188999001300195952012100208240624s9999 xx 000 0 und d aeng a658.4013 BAN aBANK JOHN aESSENCE OF TOTAL QUALITY MANAGEMENT c2003aNew DelhibPrentice-Hall axviii, : 203 : p. : cm. ; 23 cRS c236d236 00104070aIMTNbIMTNcRack 27-Bd2004-10-19eJBDg95.00o658.4013 BANp236r2024-06-24 00:00:00t1w2024-06-24yBK